01223cam a22003135a 4500003000900000005001700009008004100026020001800067040004300085082002100128100003800149245008000187250002300267264004600290300004800336336002600384337002800410338002700438490004300465504005100508650005600559651001000615653002500625655002400650700006800674942001200742999001700754952013800771EG-ScBUE20220512133629.0090708s2009 enka f b 001 0 eng d a9780194371742 aEG-ScBUEbengerdacEG-ScBUEdEG-ScBUE04a418.007bBRO2221 aBrown, James Dean,eauthor.9775210aDoing second language research /cJames Dean Brown and Theodore S. Rodgers. aReprinted edition. 1aOxford :bOxford University Press,c2009. axiv, 314 pages : billustrations ;c25 cm. 2rdacontentatextbtxt 2rdamediaaunmediatedbn 2rdacarrieravolumebnc0 aOxford handbooks for language teachers aIncludes bibliographical references and index. 7aSecond language acquisitionxResearch.2BUEsh97753 2BUEsh bHHUUEENNcAugust2018 vReading book9342321 aRodgers, Theodore S.q(Theodore Stephen),d1934-eauthor.97754 2ddccBB c12251d12251 00102ddc40708BaccahaMAINbMAINc2NDd2009-07-08g105.00h8139l2m3o418.007 BROp000017283r2025-07-15 00:00:00s2010-09-21yBB